000 01348nab a2200277 4500
003 AR-RoBPED
005 20260422103914.0
008 260422b |||||||| |||| 00| 0 spa d
040 _aAR-RoBPED
041 _aspa
100 1 _aBanchero, María Isabel
_927464
_eLicenciada en Enseñanza de la Lengua y la Comunicación
245 1 _aPalabras técnicas:
_bla lengua como contenido transversal /
260 _aBuenos Aires :
_bNoveduc,
_c2024
300 _a56-57 p.
500 _aSe presenta una propuesta para abordar contenidos del diseño curricular correspondiente al Nivel Secundario de la Educación Técnica (Resolución 2757/11), teniendo en cuenta los saberes previos de los estudiantes con los que se ejecutará lo proyectado. Se trata de una serie de trayectos/clases que hacen foco en el trabajo con el léxico, con la composición y la etimología de las palabras.
650 7 _aNIVEL MEDIO
_93552
650 7 _aHISTORIA
_9125
650 7 _aLENGUA ESPAÑOLA
_9575
650 7 _aACTIVIDADES DE APRENDIZAJE
_9783
650 7 _aETIMOLOGIA
_9835
650 0 _aPROPUESTA DIDÁCTICA
_922005
650 7 _aAPRENDIZAJE
_9560
773 0 _020414
_941862
_dBuenos Aires : Noveduc, 1993-
_tNovedades Educativas
_w(AR-RoBPED)20414
_x03283534
942 _2udc
_cREV
_h37(05)
_mNov 86 N° 399 (Nov.2024)
_ak.32596
945 _amar 04/2026
999 _c32596
_d32596